00574 a2200181 4500010001400000020002300014035001300037037001800050082001000068100001800078245006300096260004300159270008200202300003000284500005000314650001000364650001800374 aENG-85218 a8172112165c400.00 aEN-68751 bD.B.Act / Pub14a305.41 aGeorge, P. A.1 aEnlightenment of women and social changecby P. A. George aNew DelhibNorthern Book Centrec2006. a4221/1, Ansari Road, Darya GanjbNew DelhicDelhie110002k23264519l23252651 aviii, 150 p.c22 cm. (Hb) aIncludes bibliographical references and index aWomen aSocial change